Statistics for National Things In Mexico

Click here to take the quiz!

General Stats

  • This quiz has been taken 8 times
  • The average score is 4 of 15

Answer Stats

National ThingAnswer% Correct
Colors (4)White | Green | Red | Yellow
100%
AnimalGolden Eagle
71%
BirdGolden Eagle
71%
Crayon CompanyCrayola
57%
FruitAvocado Persea
29%
DessertArroz con Leche
14%
SportCharrería
14%
Holidays (4)Constitution Day | Birthday of Benito Juarez | Anniversary of the Battle of Puebla | Independence Day
14%
FlowerDahlia
14%
ButterflyMonarch Butterfly
14%
Musical InstrumentVihuela
14%
Water AnimalAxolotl
0%
BookMexican National Identity
0%
FoodMole Sauce
0%
TreeMontezuma Baldcypress
0%

Score Distribution

Percentile by Number Answered

Percent of People with Each Score

Your Score History

You have not taken this quiz